Ward No.6 and Other Stories (Record no. 3333)

MARC details
000 -LEADER
fixed length control field 00422nam a22001457a 4500
008 - FIXED-LENGTH DATA ELEMENTS--GENERAL INFORMATION
fixed length control field 250506b |||||||| |||| 00| 0 eng d
020 ## - INTERNATIONAL STANDARD BOOK NUMBER
ISBN 978787475946
100 ## - MAIN ENTRY--AUTHOR
Author Anton Chekhov
245 ## - TITLE STATEMENT
Title Ward No.6 and Other Stories
260 ## - PUBLICATION, DISTRIBUTION, ETC. (IMPRINT)
Place of publication London
Name of publisher Quercus Edition Ltd
Date of publication 2020
300 ## - COLLATION
Pagination viii, 436p.
650 ## - TRACINGS
Main Subject Chekhov, Anton Pavlovich - 1860 - 1904 - Translations into English
942 ## - ADDED ENTRY ELEMENTS (KOHA)
Item type Books
050 ## - LIBRARY OF CONGRESS CALL NUMBER
Classification number PG3456.A13
Item number .A58
Holdings
Source of classification or shelving scheme Not for loan Permanent location Current location Date acquired Accession No. Full call number Barcode. Koha item type
Library of Congress Classification   Samuel Ogbemudia Main Library, University of Abuja Samuel Ogbemudia Main Library, University of Abuja 05/06/2025 2024/64377 PG3456.A13.A58 2025-1789 Books